Mario : les power-ups (par images) - Statistiques

Statistiques générales
  • Ce quiz a été pris 91 fois
  • Le résultat moyen est 16 sur 36
Statistiques - réponses
Par images Réponse % Correct
Super Etoile
98%
Super Champignon
96%
Fleur de feu
85%
Super Feuille
85%
Champignon 1-UP
75%
Carapace
74%
Fleur de glace
69%
Plume
69%
Carotte
61%
Fleur d'Or
58%
Champignon Abeille
55%
Méga-champignon
55%
Champignon Fantôme
54%
Mini-champignon
51%
Fleur Boomerang
50%
Fleur de Nuage
50%
Champignon Hélice
44%
Super Clochette
44%
Champignon Pierre
41%
Marteau
41%
Champignon Ressort
40%
Casquette Ailée
38%
Champignon Foreuse
35%
Casquette Métallique
31%
Etoile Rouge
31%
Super Gland
31%
Costume Pingouin
30%
Fleur à Bulles
25%
Costume Grenouille
24%
Double Cerise
24%
Ballon de Puissance
21%
Fruit Eléphant
21%
Champignon Etrange
14%
Costume Marteau
10%
Champignon de Soin
9%
Super Fleur
6%
Aucun quiz correspondant
Distribution des résultats
% des personnes avec chaque résultat
Percentile par nombre de réponses
Votre historique - résultats
Vous n’avez pas pris ce quiz